| 000 | 01093nam a2200313 i 4500 | ||
|---|---|---|---|
| 003 | DO-SdBNP | ||
| 005 | 20260501095311.0 | ||
| 007 | ta | ||
| 008 | 260501b2025 dr ||||| |||| 00| 0 spa d | ||
| 020 | _a9789945663402 | ||
| 040 |
_aDO-SdBNP _bspa _cBNPHU _erda |
||
| 041 | _aspa | ||
| 082 | 4 |
_axxx _bxxx _222 |
|
| 245 | 0 | 0 |
_aCómo superar campañas negativas: _bcuida tú imagen y la de tú marca comercial / _cFernando Placeres, Ricardo Nieves, Darían Vargas y Edwin García |
| 250 | _aprimera edición | ||
| 264 | 1 |
_aSanto Domingo : _bEditora Santuario, _c2025. |
|
| 300 |
_a170 páginas ; _c23 cm. |
||
| 336 |
_atexto _btxt _2rdacontent |
||
| 337 |
_asin mediación _bn _2rdamedia |
||
| 338 |
_avolumen _bnc _2rdacarrier |
||
| 500 | _aIncluye datos biográficos de los autores en las solapas | ||
| 590 | _aInventariado, 2026/BT | ||
| 700 | 1 |
_aPlaceres, Fernando, _eautor _4aut. _989449 |
|
| 700 | 1 |
_aNieves, Ricardo, _eautor _4aut. _910759 |
|
| 700 | 1 |
_aVargas, Darían, _eautor _4aut. _988524 |
|
| 700 | 1 |
_aGarcía, Edwin, _eautor _4aut. _989450 |
|
| 910 | _aBtavárez | ||
| 942 |
_2ddc _cLBS1 |
||
| 999 |
_c60651 _d60651 |
||